Singapore property tax : law and valuation

Bibliographic Details
Main Author: Khublall, N.
Format: Book
Published: Singapore : Longman , 1988
Subjects:

MARC

LEADER 00000cam a2200000 7i4500
001 0000009194
005 20160921.0
020 |a 997189954X 
040 |a INS 
090 0 0 |a KF6165.83.P8   |b K58 1988 
100 0 |a Khublall, N. 
245 1 0 |a Singapore property tax :   |b law and valuation   |c by N. Khublall 
260 |a Singapore :   |b Longman ,   |c 1988 
300 |a 413p ;   |c 30cm. 
650 0 |a Property tax   |z Singapore 
650 0 0 |a Taxation   |x Law and legislation   |z Singapore 
999 |a 0000022157   |b BOOK   |c Open Shelf   |e Default branch